Statistics for Six Essential Nutrients

Click here to take the quiz!

General Stats

  • This quiz has been taken 14 times
  • The average score is 5 of 6

Answer Stats

HintAnswer% Correct
..Carbohydrates
100%
..Fats
86%
..Proteins
86%
..Vitamins
79%
..Minerals
71%
..Water
64%

Score Distribution

Percentile by Number Answered

Percent of People with Each Score

Your Score History

You have not taken this quiz